| 000 | 00411nam a22001697a 4500 | ||
|---|---|---|---|
| 003 | CEME | ||
| 005 | 20210628204008.0 | ||
| 008 | 210105b xxu||||| |||| 00| 0 eng d | ||
| 020 | _a0747546290 | ||
| 040 | _c. | ||
| 082 | _a823 ROW | ||
| 100 |
_aRowling, J.K _911309 |
||
| 245 | _aHarry potter and the prisoner of azkabon | ||
| 260 |
_aGREAT BRITAIN _bBLOOMSBURY _c1999 |
||
| 300 | _a317P | ||
| 942 |
_cBK _2ddc |
||
| 999 |
_c575803 _d575803 |
||